Statistics for France in Different Languages

Click here to take the quiz!

General Stats

  • This quiz has been taken 94 times
  • The average score is 12 of 16

Answer Stats

France...in this Language% Correct
法国Mandarin Chinese
99%
フランスJapanese
95%
ФранцияBulgarian, Russian
94%
FrankreichGerman
94%
فرنساArabic
91%
ΓαλλίαGreek
88%
FranciaGalician, Italian, Spanish
86%
FranciaországHungarian
78%
फ़्रान्सHindi
77%
צרפתHebrew
71%
FrançaCatalan, Portuguese
68%
FrankrikeNorwegian, Swedish
63%
PhápVietnamese
51%
FrancúzskoSlovak
50%
RanskaFinnish
44%
PrantsusmaaEstonian
38%

Score Distribution

Percentile by Number Answered

Percent of People with Each Score

Your Score History

You have not taken this quiz